01129nam a22001937a 4500008004100000020001800041050002100059100003300080240007000113245011700183250001200300260003700312300004700349500016200396505025800558650004500816700003300861700004100894180108s2001 mx d fr 001 0 spa d a9789584101341 4aQA273bL552 20011 aLipschutz, Seymoure, autor  0aSchaum's outline of theory and problems of probabilitylEspañol10aTeoría y problemas de probabilidad cSeymour Lipschutz y Marc Lars Lipson ; traducción Gladys Arango Medina  a2a ed.  aMéxico b : McGraw-Hill c2001 a324 páginas b : gráficas c : 26 cm.  aEn portada: 430 problemas totalmente resueltos ; Terminología y notación moderna ; Metodología fácil de entender ; Ideal para repaso previo a examen 0 aTeoría de conjuntos Técnicas de conteo Introducción a la probabilidad Probabilidad condicional e independencia Variables aleatorias Distribuciones normales y binomiales Procesos Markov Estadística descriptiva Distribución chi-cuadrado  0aPROBABILIDADES xPROBLEMAS Y EJERCICIOS 1 aLars Lipson, Marc e, autor 1 aArango Medina, Gladys e, traductor